| 000 | 00910cam a2200289 a 4500 | ||
|---|---|---|---|
| 001 | 15609 | ||
| 003 | BD-RjUL | ||
| 005 | 20211208235844.0 | ||
| 008 | 140210t1982 nyua 001 0 eng | ||
| 020 | _a0442245076 | ||
| 035 | _a(BD-RjUL)15664 | ||
| 040 |
_aDLC _cDLC _dDLC _dBD-RjUL _beng |
||
| 041 | _aeng | ||
| 082 | 0 | 0 |
_a658.406 _219 _bPAS 1982 |
| 100 | 1 |
_aPark, William R. _948454 |
|
| 245 | 1 | 0 |
_aStrategic analysis for venture evaluation : _bthe SAVE approach to business decisions / _cW. R. Park and J. B. Maillie. |
| 260 |
_aNew York : _bVan Nostrand Reinhold, _cc1982. |
||
| 300 |
_axvi, 179 p. : _bill. ; _c24 cm. |
||
| 504 | _aIncludes index. | ||
| 650 | 0 |
_aNew products _xEvaluation. _948455 |
|
| 650 | 0 |
_aNew business enterprises _xEvaluation. _948456 |
|
| 700 | 1 |
_aMaillie, J. B. _948457 |
|
| 740 | 0 | _aVenture evaluation. | |
| 942 |
_2ddc _cBK |
||
| 999 |
_c15609 _d15609 |
||